Historia del arte : cuaderno docente /

Bibliographic Details
Main Author: Garrido Chauvin, Jaime (Author)
Format: Electronic eBook
Language:Spanish
Published: Cuenca, Ecuador : Universidad del Azuay, Casa Editora, [2024]
Edition:Primera edición.
Series:Artem (Universidad del Azuay, Casa Editora)
Subjects:
Online Access:Digitalia Hispánica

MARC

LEADER 00000nam a2200000 i 4500
001 DIGUAZUAY0274
003 NyNyDIG
007 cr |||||||||||
008 251203s2024 ec a ob 000 0 spa d
006 m o d
035 |a (OCoLC)1500721255 
040 |a DGITA  |b eng  |e rda  |e pn  |c DGITA 
020 |a 9789942670281  |q eBook 
020 |z 9789942670274 
050 1 4 |a N380 ebook 
100 1 |a Garrido Chauvin, Jaime,  |e author. 
245 1 0 |a Historia del arte :  |b cuaderno docente /  |c Jaime Garrido Ch. 
250 |a Primera edición. 
264 1 |a Cuenca, Ecuador :  |b Universidad del Azuay, Casa Editora,  |c [2024] 
300 |a 1 online resource :  |b color illustrations. 
336 |a text  |b txt  |2 rdacontent 
337 |a computer  |b c  |2 rdamedia 
338 |a online resource  |b cr  |2 rdacarrier 
347 |a text file  |2 rdaft 
347 |b PDF 
490 1 |a Artem 
504 |a Includes bibliographical references. 
588 0 |a Online resource; title from PDF title page (Digitalia, viewed December 3, 2025) 
650 0 |a Art  |x History. 
650 0 |a Art  |x Study and teaching (Higher) 
791 2 |a Digitalia (Firm),  |e distributor. 
793 0 |g Digitalia eBook Collection:  |a Universidad del Azuay 
776 0 8 |i Print version:  |a Garrido Chauvin, Jaime.  |t Historia del arte.  |b Primera edición.  |d Cuenca, Ecuador : Universidad del Azuay, Casa Editora, [2024]  |z 9789942670274 
830 0 |a Artem (Universidad del Azuay, Casa Editora) 
856 4 0 |3 Digitalia Hispánica  |u https://www.digitaliapublishing.com/a/170503/ 
910 |a Premium collection: 2025